Statistics for Antonym vocabulary and term part1

Click here to take the quiz!

General Stats

  • This quiz has been taken 38 times
  • The average score is 8 of 10

Answer Stats

WordHintAnswer% Correct
NorthS5South
100%
DuskD4Dawn
97%
IncludeE7Exclude
97%
LatitudeL9Longitude
93%
PessimisticO10Optimistic
93%
DeepS7Shallow
86%
SinkF5Float
76%
WholesaleR6Retail
76%
VividD4Dull
62%
DescendantA8Ancestor
55%

Score Distribution

Percentile by Number Answered

Percent of People with Each Score

Your Score History

You have not taken this quiz